000 00550nam a2200181 4500
999 _c196604
_d196604
005 20230817105339.0
010 _aENG-137446
020 _a9789325990180
_c650.00
035 _aEN-120978
037 _bDBAD/PUB
082 _a620.0014
100 _aVerma,Shalini
245 _aTechnical Communication For Engineers /
_cby Shalini Verma
260 _aNew Delhi
_bVikas Publishing House Pvt Ltd
_c2015
270 _a576, Masjid Road, Jangpura
_bNew Delhi
_e110014
300 _a746p.
_c24cm(pbk)
942 _2ddc
_cEN
_h620.0014
_mVER